| 000 | 00434nam a2200157 a 4500 | ||
|---|---|---|---|
| 001 | 389 | ||
| 003 | CDMR | ||
| 005 | 20130703124118.0 | ||
| 008 | 130130s1988||||||||||||||||||||||||||||d | ||
| 040 |
_aCDMR _bcat _cCPC GIRONA |
||
| 100 | 1 |
_aCastells, Narcís _9269 |
|
| 245 | 1 | 0 |
_aCanvistes i banquers _cCastells, Narcís |
| 260 |
_c1988 _bDiputació de Girona; Caixa Girona |
||
| 490 | 0 |
_aQuaderns de la Revista de Girona _v16 |
|
| 942 |
_cMON _2udc |
||
| 999 |
_c389 _d389 |
||